000 00602nam a2200181 i 4500
001 46129
003 ES-MaACL
005 20230906161332.0
007 t|
008 030328s1892 fr ||||1| fre d
100 1 _aCollot, Louis.
_939755
245 1 0 _aCoup d'oeil sur la constitution géologique des Pyrénées /
_cpar Collot.
260 _aDijon :
_b[s.n.],
_c1892.
300 _a20 p., ;
_c23 cm.
500 _aExtrait de la Revue bourguignonne de l'Enseignement superieur, année 1892.
650 4 _aGeología-
_zPirineos.
_9154256
852 _aES-MaACL
_jT-907-F-1
_z.- Legado Botella y de Hornos
999 _c46129
_d46129